000 00552nam a22001937a 4500
003 OSt
008 260428b |||||||| |||| 00| 0 eng d
020 _a9789356517479
082 _a630.76
_bS61A
100 _aSingh, Ashok
245 _aAdvanced fundamentals of agriculture/by Ashok Singh
250 _a2nd ed.
260 _aNew Delhi:
_bNarendra Pulishing House;
_c2025.
300 _aviii, 600 p.
650 _aTechnology (Applied Sciences)
650 _a Agriculture and Related Technologies
650 _aAgriculture |
942 _2ddc
_cBK
999 _c50237
_d50237